000
00326nam a2200145Ia 4500
100
_a
Mody/S.M.
942
_c
BK
654
_a
Management Plus
245
_a
Total Quality Management Plus
260
_b
National Center for Q.M.
_a
Bombay
_c
1993
082
_a
658.562
_b
MOD
300
_a
207
546
_a
ENGLISH
999
_c
22969
_d
22969